000 00704nam a2200241 a 4500
001 59724
003 BD-RjUL
005 20211209080749.0
008 161227s1995 enka 001 0 eng d
035 _a(BD-RjUL)59848
040 _aBDS
_beng
_cBD-RjUL
041 _aeng
082 0 _a657
_223
_bARP 1995
100 1 _aArora, M.N
_q(John)
_9177708
245 1 2 _aPractical costing /
_cM.N Arora,
260 _aNew Delhi :
_bS Chand & Co Ltd,
_c1995
300 _ax, 159 p. :
_bill. ;
_c24 cm.
490 _aFinancial skills series
504 _aIncludes bibliographical references and index
650 0 _aActivity-based costing
_9177709
830 0 _aFinancial skills series
_9177711
942 _2ddc
_cBK
999 _c59724
_d59724